| 000 | 00701nam a22001815i 4500 | ||
|---|---|---|---|
| 001 | 170149 | ||
| 003 | ES-MaACL | ||
| 005 | 20230906214312.0 | ||
| 008 | 090206s1980 fr |||| | fre d | ||
| 080 | _a782.1 | ||
| 100 | 1 |
_aRameau, Jean-Philippe. _9138726 |
|
| 245 | 1 | 0 |
_aDardanus _b: tragédie lyrique en 5 actes / _cmusique de Jean-Philippe Rameau (1683-1764) ; paroles de Le Clerc de la Bruere. |
| 260 |
_aParis : _bLibrairie Théâtrale : _bGérard Billaudot, _c[1980] |
||
| 300 |
_a29 p. ; _c18 cm. |
||
| 650 | 1 | 4 |
_aÓperas- _vLibretos. _9137584 |
| 700 | 1 |
_aLe Clerc de La Bruère, Charles-Antoine. _9139367 |
|
| 852 |
_aES-MaACL _j2246-F-11 _9R.140991 _z.- Biblioteca Jacinto Martínez Lacalle |
||
| 999 |
_c170149 _d170149 |
||